| 000 | 00507nam a22001697a 4500 | ||
|---|---|---|---|
| 999 |
_c10207 _d10207 |
||
| 003 | AR-CdUCM | ||
| 008 | 190329b ||||| |||| 00| 0 spa d | ||
| 040 |
_aMUNICIPALIDAD PROVINCIAL DEL CUSCO _cBIBLIOTECA MUNICIPAL DEL CUSCO |
||
| 082 |
_aES / 800 / _bS18 |
||
| 100 |
_aSalgari, Emilio _9800 |
||
| 245 | _aLos cazadores de cabezas / | ||
| 260 |
_aBarcelona : _bSantuario Calleja, _c1962. |
||
| 300 |
_a155 páginas ; _c19.5 cm. |
||
| 650 |
_aObras literarias. _9403 |
||
| 942 |
_2ddc _cLIBROS |
||
| 945 | _awfj | ||